000 00647nam a2200277Ia 4500
005 20260324134422.0
008 008 260324s9999 xx 000 0 eng d
020 _a9781003084631
037 _aEBOOK
040 _aCRL
040 _beng
040 _cCRL
041 _2eng
041 _aeng
084 _qCRL
100 _aBarbara J. King; Richard G. Fox
_91196744
245 0 _aAnthropology Beyond Culture
260 _bTaylor and Francis
260 _c2002
365 _a
365 _b230
856 _uhttp://www.taylorfrancis.com/books/9781003084631
942 _cEBOOK
999 _c1796824
_d1796824